000 00252nam a22001097a 4500
082 _a954.91 KHA'P
100 _aKHALIQUEZZAMAN, CHOUDHRY
_980253
245 _aPATH WAY TO PAKISTAN
260 _aPAKISTAN
_bLONGMANS
_c1961
300 _a432P
942 _cBK
999 _c585202
_d585202